000 00200nam a22000857a 4500
008 170524b xxu||||| |||| 00| 0 eng d
100 _93109
_aPal.y.etal.
245 _aSecondary Biology
260 _aNew Delhi
999 _c6395
_d6395